000 00356nam a2200145 i 4500
001 bg
100 1 _aUSAKOV, N. N.
245 0 _aTechnologija elementov vycislitelnych masin /
_cN.N. Usakov.
250 _aWyd.2 przer. i uzup.
260 _aMoskva,
_c1976.
040 _cBPK
041 _apol
942 _cKS
008 s pl f |000 0 pol
999 _c27438
_d27438
856 _uhttp://koha.tu.koszalin.pl/cgi-bin/koha/opac-detail.pl?biblionumber=27438
_yKatalog online BPK